[Event "SVK-ch U14"]
[Site "Liptovsky Mikulas"]
[Date "2017.04.25"]
[Round "5"]
[White "Chovancak, Michal"]
[Black "Porhajas, Matus"]
[Result "0-1"]
[WhiteElo "1040"]
[BlackElo "1000"]
[PlyCount "50"]
[EventDate "2017.04.22"]
[EventType "swiss"]
[EventRounds "9"]
[EventCountry "SVK"]
[SourceTitle "CBM 178 Extra"]
[Source "ChessBase"]
[SourceDate "2017.06.22"]
[SourceVersion "1"]
[SourceVersionDate "2017.06.22"]
[SourceQuality "1"]

1. e4 e5 2. Nf3 Nc6 3. Bb5 a6 4. Bxc6 dxc6 5. Nc3 Bg4 6. h3 Bh5 7. g4 Bg6 8. Nxe5 Bb4 9. d3 Qd4 10. Nf3 Bxc3+ 11. bxc3 Qxc3+ 12. Bd2 Qf6 13. e5 Qe6 14. Bc3 f6 15. Qe2 0-0-0 16. g5 f5 17. Nd4 Qd5 18. Qf3 Qxe5+ 19. Qe3 Qd5 20. Nf3 Re8 21. Be5 Rxe5 22. Qxe5 Qxf3 23. Rf1 Bh5 24. Qe6+ Kb8 25. Qe2 Qxe2# 0-1

[Event "SVK-ch U14"]
[Site "Liptovsky Mikulas"]
[Date "2017.04.23"]
[Round "2"]
[White "Porhajas, Matus"]
[Black "Gyuricsek, Szilard"]
[Result "0-1"]
[WhiteElo "1000"]
[BlackElo "1457"]
[PlyCount "138"]
[EventDate "2017.04.22"]
[EventType "swiss"]
[EventRounds "9"]
[EventCountry "SVK"]
[SourceTitle "CBM 178 Extra"]
[Source "ChessBase"]
[SourceDate "2017.06.22"]
[SourceVersion "1"]
[SourceVersionDate "2017.06.22"]
[SourceQuality "1"]

1. e4 e5 2. Nf3 Nc6 3. Bc4 Bc5 4. c3 Nf6 5. d4 exd4 6. cxd4 Bb4+ 7. Nc3 Nxe4 8. 0-0 Bxc3 9. bxc3 0-0 10. Qe1 d5 11. Bd3 Re8 12. Bxe4 Rxe4 13. Qd2 h6 14. Re1 Bf5 15. Qb2 Qc8 16. Rxe4 Bxe4 17. Nd2 Bd3 18. Nf3 b6 19. Qd2 Bc4 20. h3 Qe6 21. Qf4 Qd7 22. Bd2 Re8 23. a3 Re4 24. Qg3 Ne7 25. Qh2 Ng6 26. Re1 f5 27. Rxe4 fxe4 28. Ne5 Nxe5 29. Qxe5 Kf8 30. Bf4 c6 31. Qb8+ Kf7 32. Be3 Bb5 33. Qf4+ Kg8 34. Qb8+ Kh7 35. Qe5 Qf7 36. g4 Ba6 37. g5 hxg5 38. Qxg5 Qg6 39. Qxg6+ Kxg6 40. Kg2 Kh5 41. f4 Bc8 42. Kg3 g6 43. h4 a6 44. Bf2 Kh6 45. Be3 Kg7 46. Bf2 Kf6 47. Be3 Ke7 48. Bf2 Kd6 49. Be3 c5 50. f5 Bxf5 51. dxc5+ bxc5 52. Kf4 c4 53. Kg5 Ke6 54. Bd4 e3 55. Bxe3 Be4 56. Bd4 Kd6 57. Kf6 Kc6 58. Be3 Kb5 59. Bc1 Ka4 60. Ke5 Kb3 61. Kd4 a5 62. Ke3 Kxc3 63. Bd2+ Kb2 64. Bxa5 c3 65. Bxc3+ Kxc3 66. a4 Kb4 67. Kd4 Kxa4 68. Ke5 Kb4 69. Kd4 Bh1 0-1

[Event "SVK-ch U14"]
[Site "Liptovsky Mikulas"]
[Date "2017.04.22"]
[Round "1"]
[White "Steiniger, Florian"]
[Black "Porhajas, Matus"]
[Result "1-0"]
[WhiteElo "1577"]
[BlackElo "1000"]
[PlyCount "101"]
[EventDate "2017.04.22"]
[EventType "swiss"]
[EventRounds "9"]
[EventCountry "SVK"]
[SourceTitle "CBM 178 Extra"]
[Source "ChessBase"]
[SourceDate "2017.06.22"]
[SourceVersion "1"]
[SourceVersionDate "2017.06.22"]
[SourceQuality "1"]

1. e4 e5 2. Nf3 Nc6 3. Bc4 Bc5 4. 0-0 Nf6 5. d4 exd4 6. e5 Ng4 7. Bxf7+ Kxf7 8. Ng5+ Ke8 9. Qxg4 d6 10. Qf3 Qe7 11. exd6 cxd6 12. Bd2 Ne5 13. Qb3 h6 14. Nf3 Be6 15. Qb5+ Kf8 16. b4 Bb6 17. Nxe5 dxe5 18. Qxe5 Rc8 19. Re1 Re8 20. Qf4+ Kg8 21. Na3 Rf8 22. Qe5 Re8 23. c4 dxc3 24. Bxc3 Bc7 25. Qe4 Bb6 26. Nc4 Bc7 27. Be5 Bxe5 28. Qxe5 Qxb4 29. Nd6 Re7 30. Nf5 Bxf5 31. Qxe7 Qa4 32. Qe8+ Qxe8 33. Rxe8+ Kh7 34. Rxh8+ Kxh8 35. Re1 b5 36. Re7 a5 37. Rb7 Bd3 38. a3 Kg8 39. Ra7 a4 40. f4 g6 41. Kf2 Bc4 42. Ke3 Kf8 43. g4 Ke8 44. f5 Bf7 45. fxg6 Bxg6 46. Rb7 h5 47. gxh5 Bxh5 48. Rxb5 Bf7 49. Rb7 Bd5 50. Ra7 Bc6 51. Kd4 1-0